Click a Spartan Quiz Stats

 Plays Quiz not verified by Sporcle

Score 0/30 Timer 08:00
0 Plays Today
% Correct
Helen of Troy
80.9%
Lee Wan-koo
80.3%
Earvin 'Magic' Johnson
78.3%
Leonidas I
73.2%
Dian Fossey
68.7%
Emmylou Harris
67.6%
Amy Tan
63.7%
Joanie 'Chyna' Laurer
63.6%
Ben Nighthorse Campbell
62.3%
Don Shula
60.5%
Rod Blagojevich
56.1%
Lindsey Buckingham
55.6%
Sam Raimi
52.9%
Herbert Henry Dow
52.1%
Lou Piniella
51.1%
% Correct
Morten Andersen
50.4%
Bill Walsh
50.4%
Robert Urich
48.9%
Dennis Kucinich
47.4%
Peter Ueberroth
38.6%
Tim Reid
37.4%
Dan Gilbert
35.5%
Michael Cimino
34.6%
Julie Aigner-Clark
22.9%
Drayton McLane, Jr
22.4%
Richard Ford
17.8%
Lymann Briggs
17.1%
Gaylord Nelson
16.6%
Eli Broad
15.2%
Gordon Moore
15%

You're not logged in!

Compare scores with friends on all Sporcle quizzes.
OR
Log In

You Might Also Like...

Show Comments

Extras

Top Quizzes Today


Score Distribution

Your Account Isn't Verified!

In order to create a playlist on Sporcle, you need to verify the email address you used during registration. Go to your Sporcle Settings to finish the process.

Report this User

Report this user for behavior that violates our Community Guidelines.

Details: